La hora violeta

Gespeichert in:
Bibliographische Detailangaben
1. Verfasser: Althaner, Lino (VerfasserIn)
Format: Buch
Sprache:Spanisch
Veröffentlicht: Santiago Festina Lente 2009
Schlagworte:
Tags: Tag hinzufügen
Keine Tags, Fügen Sie den ersten Tag hinzu!

MARC

LEADER 00000nam a2200000 a 4500
001 UCH9141
003 CL-VaPUC
008 091224e20090000CL |||||||||||||||||spa|d
020 |a 9789563198966 
082 0 4 |a 861  |b ALT  |2 21 
100 0 |a Althaner, Lino  |e author  |9 546050 
245 1 3 |a La hora violeta 
300 |a 119 p 
942 |c BK 
945 |d 20091224 00:00:00  |a cmena 
260 |a Santiago  |b Festina Lente  |c 2009 
500 |a Este libro ofrece una oportunidad que debe tomarse. Su contenido es una invitación a sentarse en las tarde de los días, un timbre para llamar al espíritu, que siempre contesta cuando impera el silencio. Son los poemas del silencio, allí donde el enfrentamiento con el ser es inevitable y necesario. Allí donde la intuición profunda es, definitivamente, la verdadera razón, que habita donde los fenómenos pueden explicarse siempre, sin que necesiten ser probados porque simplemente son 
650 0 |a Poesías chilenas   |9 265280 
650 0 |a Literatura chilena   |9 308278 
650 0 |a Literatura contemporánea   |9 321959 
583 |a last modification  |c 20111205 11:05:17  |k Rodrigo Vera 
999 |c 339202  |d 339200 
952 |0 0  |1 0  |4 0  |6 861_000000000000000_ALT_2009  |7 0  |8 C  |9 432683  |a BIBCUR  |b BIBCUR  |d 2019-11-22  |i 4595564  |o 861 ALT 2009  |p 4595564  |r 2025-04-22  |w 2019-11-22  |y BK  |k CAC